000 00858cab a2200277 4500
001 WB3140-17
008 090401t1995 xxu||||| |||| 00| 0 eng d
035 _a(Sirsi) u9080
041 _aeng
245 _aNational Forest for Midlands
260 _c1995
350 _a0
490 _aIndependent
_v23 October 1995, 4
490 _aDaily Telegraph
_v24 October 1995, 13(2)
520 _aExamines the scheme which plans to cover one third of 200 square miles in the Midlands with trees by 2010 and announces the winning bids. Diagram of area designated.
650 _aDERBYSHIRE
650 _aLEICESTERSHIRE
650 _aMIDLANDS
650 _aNATIONAL FOREST
650 _aSTAFFORDSHIRE
650 _aTREE PLANTING
690 _aENVIRONMENTAL AND LAND CONSULTANCY
690 _aLEISURE AND RECREATION
942 _n0
948 _c04/03/1997
999 _c5627
_d5627